00888nam a2200217 i 450000100060000000300090000600500170001500700030003200800410003510000300007624501510010626000310025730000320028849000450032065000450036570000600041083000390047085200220050999900170053195201220054831453ES-MaACL20250808002334.0t|030129s1966 sp ||||1| spa d1 aBenesch, Hellmuth.92752910aPsicología de la actividad comercial / cHellmuth Benesch ; [versión española realizada por José María Alvárez de Eulate Peñaranda]. aMadrid : bRialp, c[1966] a194 p., 8 lám. ; c25 cm.1 aLa empresa y el hombre. aSerie A ; v29 4aVenta-xAspectos psicológicos.91709981 aAlvárez de Eulate Peñaranda, José María.92075813aLa empresa y el hombrev299231650 aES-MaACLjC-29048 c31453d31453 00104070aATENEOMbATENEOMcDEPO2d2008-01-17eSCl0oC-29048p1032502r2023-02-23 00:00:00w2023-02-23yMONOGRAFIA